000
00208nam a22000857a 4500
001
1236356
005
20251001163124.0
245
_a
SINIFIN YENİSİ
_c
BEHÇET ÇELİK
260
_b
GÜNIŞIĞI KİTAPLIĞI YAYINLARI
999
_c
1236356
_d
1236356